<?xml version="1.0" encoding="UTF-8"?>
<record
    xmlns:xsi="http://www.w3.org/2001/XMLSchema-instance"
    xsi:schemaLocation="http://www.loc.gov/MARC21/slim http://www.loc.gov/standards/marcxml/schema/MARC21slim.xsd"
    xmlns="http://www.loc.gov/MARC21/slim">

  <leader>01062nam a22002777a 4500</leader>
  <controlfield tag="005">20170123162341.0</controlfield>
  <datafield tag="010" ind1=" " ind2=" ">
    <subfield code="a">B-029377</subfield>
  </datafield>
  <datafield tag="020" ind1=" " ind2=" ">
    <subfield code="c">112.00</subfield>
    <subfield code="a">8123008007</subfield>
  </datafield>
  <datafield tag="035" ind1=" " ind2=" ">
    <subfield code="a">B-029377</subfield>
  </datafield>
  <datafield tag="037" ind1=" " ind2=" ">
    <subfield code="b">Cen Lib/Ret</subfield>
  </datafield>
  <datafield tag="040" ind1=" " ind2=" ">
    <subfield code="a">DPL</subfield>
    <subfield code="b">UR</subfield>
  </datafield>
  <datafield tag="082" ind1=" " ind2=" ">
    <subfield code="a">844</subfield>
    <subfield code="b"> &#x641; &#x627; &#x631; </subfield>
  </datafield>
  <datafield tag="100" ind1=" " ind2=" ">
    <subfield code="a"> &#x641;&#x627;&#x631;&#x648;&#x642;&#x649;&#x60C; &#x645;&#x62D;&#x628;&#x648;&#x628; &#x627;&#x644;&#x631;&#x62D;&#x645;&#x646;</subfield>
    <subfield code="9">120415</subfield>
  </datafield>
  <datafield tag="245" ind1=" " ind2=" ">
    <subfield code="a">&#x627;&#x62C;&#x643;&#x644; &#x643;&#x6D2; &#x645;&#x636;&#x627;&#x645;&#x64A;&#x646; /</subfield>
    <subfield code="c">&#x645;&#x62D;&#x628;&#x648;&#x628; &#x627;&#x644;&#x631;&#x62D;&#x645;&#x646; &#x641;&#x627;&#x631;&#x648;&#x642;&#x649;&#x60C; &#x645;&#x62D;&#x645;&#x62F; &#x643;&#x627;&#x638;&#x645;</subfield>
  </datafield>
  <datafield tag="246" ind1=" " ind2=" ">
    <subfield code="a">Ajkal ke mazameen /</subfield>
    <subfield code="b">by Mahboob-Ur-Rahman [and] Mohammad Kazim </subfield>
  </datafield>
  <datafield tag="260" ind1=" " ind2=" ">
    <subfield code="a">&#x646;&#x6CC;&#x6CC; &#x62F;&#x6C1;&#x644;&#x6CC; </subfield>
    <subfield code="b">&#x67E;&#x628;&#x644;&#x649; &#x643;&#x64A;&#x634;&#x646;&#x632; &#x688;&#x648;&#x64A;&#x698;&#x646;&#x60C; &#x648;&#x632;&#x627;&#x631;&#x62A; &#x627;&#x637;&#x644;&#x627;&#x639;&#x627;&#x62A; &#x648; &#x646;&#x634;&#x631;&#x64A;&#x627;&#x62A;</subfield>
    <subfield code="c">1999</subfield>
  </datafield>
  <datafield tag="270" ind1=" " ind2=" ">
    <subfield code="b">&#x646;&#x6CC;&#x6CC; &#x62F;&#x6C1;&#x644;&#x6CC; </subfield>
    <subfield code="e">110002</subfield>
  </datafield>
  <datafield tag="300" ind1=" " ind2=" ">
    <subfield code="a">216p.</subfield>
    <subfield code="c">21cm(Hb)</subfield>
  </datafield>
  <datafield tag="490" ind1=" " ind2=" ">
    <subfield code="a">&#x622;&#x62C;&#x6A9;&#x644; &#x633;&#x6CC;&#x631;&#x6CC;&#x632; -&#x662; </subfield>
  </datafield>
  <datafield tag="650" ind1=" " ind2=" ">
    <subfield code="a">&#x627;&#x62F;&#x628; -- &#x627;&#x631;&#x62F;&#x648; </subfield>
    <subfield code="9">127159</subfield>
  </datafield>
  <datafield tag="650" ind1=" " ind2=" ">
    <subfield code="a"> &#x627;&#x631;&#x62F;&#x648; &#x627;&#x62F;&#x628; - &#x62A;&#x627;&#x631;&#x6CC;&#x62E; &#x627;&#x648;&#x631; &#x62A;&#x646;&#x642;&#x6CC;&#x62F;.</subfield>
    <subfield code="9">127160</subfield>
  </datafield>
  <datafield tag="650" ind1=" " ind2=" ">
    <subfield code="a">Urdu literature</subfield>
    <subfield code="9">127161</subfield>
  </datafield>
  <datafield tag="650" ind1=" " ind2=" ">
    <subfield code="a">Urdu literature -- History and criticism. </subfield>
    <subfield code="9">127162</subfield>
  </datafield>
  <datafield tag="700" ind1=" " ind2=" ">
    <subfield code="a">&#x645;&#x62D;&#x645;&#x651;&#x62F; &#x6A9;&#x627;&#x632;&#x645; </subfield>
    <subfield code="9">127163</subfield>
  </datafield>
  <datafield tag="942" ind1=" " ind2=" ">
    <subfield code="2">ddc</subfield>
    <subfield code="c">UR</subfield>
    <subfield code="h">844</subfield>
    <subfield code="m"> &#x641; &#x627; &#x631; </subfield>
  </datafield>
  <datafield tag="999" ind1=" " ind2=" ">
    <subfield code="c">108495</subfield>
    <subfield code="d">108495</subfield>
  </datafield>
  <datafield tag="952" ind1=" " ind2=" ">
    <subfield code="0">0</subfield>
    <subfield code="1">0</subfield>
    <subfield code="4">0</subfield>
    <subfield code="7">0</subfield>
    <subfield code="a">L</subfield>
    <subfield code="b">L</subfield>
    <subfield code="d">2016-01-21</subfield>
    <subfield code="e">Cen Lib/Ret</subfield>
    <subfield code="g">112.00</subfield>
    <subfield code="l">0</subfield>
    <subfield code="o">844  &#x641; &#x627; &#x631;</subfield>
    <subfield code="p">B-029377</subfield>
    <subfield code="r">2016-01-21 00:00:00</subfield>
    <subfield code="t">1</subfield>
    <subfield code="v">112.00</subfield>
    <subfield code="w">2016-01-21</subfield>
    <subfield code="y">UR</subfield>
  </datafield>
</record>
